000 00675nam a2200145 a 4500
008 070918s2007 ||||||||||||||||| || u
050 _aTHESIS/MBA
100 _aNamiluko, Mushoke
245 1 3 _aAn evaluation of performance management system in NAPSA: a case study of the Copperbelt Offices
_cDr. Thomas, Kweku Taylor
260 _aKitwe
_bCopperbelt University, School of Business, MBA Programme
_c2007
350 _a0.00
650 0 _aBUSINESS
650 _aPERFORMANCE MANAGEMENT SYSTEM--RESEARCH--NAPSA
995 _D0.00
_FCBU-MAIN LIBRARY (Kitwe)
_H1
_I0.00
_M1
_UAVAILABLE
_WSep 18, 2007
_ZUniversity Collection
999 _c42675
_d42675